000 00537nam a2200193 a 4500
001 BRL_904
005 20190320210939.0
008 231013s1956----mx-ae#####---#000-0#spa-#
041 _aspa
044 _amx
050 4 _aF1391.H84
_b.H84 1956
245 1 0 _aHuexotzingo
_bGuía oficial
260 _aMéxico
_bInstituto Nacional de Antropología e Historia
_c1956
300 _a37 p.
_bil., planos
_c20 cm.
500 _aAu1043
651 4 _aHuejotzingo (México)
_vGuías
_xDescripción y viajes
_925281
902 _aGRL
942 _2lcc
_cB
999 _c9716
_d9716